Die größten Städte Boliviens - Statistiken

Allgemein
  • Dieses Quiz wurde 12 mal gespielt
  • Das Durchschnittsergebnis liegt bei 3 aus 14
Antwortstatistiken
Stadt Einwohner % Korrekt
La Paz 750.225
100%
Sucre 275.959
91%
Santa Cruz de la Sierra 1.601.724
45%
Cochabamba 665.482
36%
Potosí 198.397
18%
Trinidad 122.722
9%
El Alto 885.210
0%
La Gaurdia ca. 135.000
0%
Montero 126.093
0%
Oruro 298.257
0%
Quillacollo ca. 145.000
0%
Sacaba 191.850
0%
Tarija 215.555
0%
Warnes ca. 130.000
0%
Keine übereinstimmenden Quizze gefunden
Verteilung der Resultate
Anzahl Personen mit jedem Resultat
Perzentil nach korrekt beantworteten Fragen
Ihre Resultats-Entwicklung
Sie haben dieses Quiz noch nicht gespielt